Catálogo

Bauhaus / (Registro nro. 31060)

Detalles MARC
000 -LEADER
fixed length control field 01786cam a2200433 i 4500
001 - CONTROL NUMBER
control field 31060
003 - CONTROL NUMBER IDENTIFIER
control field Mx-PuUPA
005 - DATE AND TIME OF LATEST TRANSACTION
control field 20250807145612.0
008 - FIXED-LENGTH DATA ELEMENTS--GENERAL INFORMATION
fixed length control field 140415s2000 sp ae gr 001 0 spa d
020 ## - INTERNATIONAL STANDARD BOOK NUMBER
International Standard Book Number 3829025947
040 ## - CATALOGING SOURCE
Transcribing agency Mx-PuUPA
Original cataloging agency Mx-PuUPA
Language of cataloging spa
Modifying agency Mx-PuUPA
Description conventions rda
041 1# - LANGUAGE CODE
Language code of text/sound track or separate title spa
Language code of original ger
043 ## - GEOGRAPHIC AREA CODE
Geographic area code e-gx---
240 10 - UNIFORM TITLE
Uniform title Bauhaus.
Language of a work Español
245 10 - TITLE STATEMENT
Title Bauhaus /
Remainder of title Jeannine Fiedler, Peter Feierabend, edición ; Ute Ackermann, Olaf Arndt [y otros 31], textos ; Mariona Gratacòs i Grau, Meritxell Tena Ripollès, traducción
250 ## - EDITION STATEMENT
Edition statement Edición española
264 ## - PRODUCTION, PUBLICATION, DISTRIBUTION, MANUFACTURE, AND COPYRIGHT NOTICE
Place of production, publication, distribution, manufacture Barcelona, España :
Name of producer, publisher, distributor, manufacturer Köneman Verlagsgesellschaft mbH,
Date of production, publication, distribution, manufacture, or copyright notice ©2000
300 ## - PHYSICAL DESCRIPTION
Extent 639 páginas :
Other physical details ilustraciones, planos (principalmente blanco y negro) ;
Dimensions 30 cm
336 ## - CONTENT TYPE
Fuente rdacontent
Content type term texto
Content type code txt
337 ## - MEDIA TYPE
Source rdamedia
Media type term sin medio
Media type code n
338 ## - CARRIER TYPE
Source rdacarrier
Carrier type term volumen
Carrier type code nc
650 #7 - SUBJECT ADDED ENTRY--TOPICAL TERM
Source of heading or term armarc
Topical term or geographic name entry element Arquitectura moderna
Geographic subdivision Alemania
Chronological subdivision Siglo XX
650 #7 - SUBJECT ADDED ENTRY--TOPICAL TERM
Source of heading or term armarc
Topical term or geographic name entry element Arte
Geographic subdivision Alemania
Chronological subdivision Siglo XX
650 #7 - SUBJECT ADDED ENTRY--TOPICAL TERM
Source of heading or term armarc
Topical term or geographic name entry element Arte
Geographic subdivision Alemania
General subdivision Estudio y enseñanza
Chronological subdivision Siglo XX
650 #7 - SUBJECT ADDED ENTRY--TOPICAL TERM
Source of heading or term armarc
Topical term or geographic name entry element Arte moderno
Geographic subdivision Siglo XX
Chronological subdivision Alemania
650 #7 - SUBJECT ADDED ENTRY--TOPICAL TERM
Source of heading or term armarc
Topical term or geographic name entry element Artes gráficas
Geographic subdivision Alemania
Chronological subdivision Siglo XX
650 #7 - SUBJECT ADDED ENTRY--TOPICAL TERM
Source of heading or term armarc
Topical term or geographic name entry element Bauhaus
General subdivision Historia
700 1# - ADDED ENTRY--PERSONAL NAME
Personal name Fiedler, Jeannine,
Relator term editor
9 (RLIN) 17255
700 1# - ADDED ENTRY--PERSONAL NAME
Personal name Feierabend, Peter,
Relator term editor
700 1# - ADDED ENTRY--PERSONAL NAME
Personal name Ackermann, Ute,
Relator term autor
700 1# - ADDED ENTRY--PERSONAL NAME
Personal name Arndt, Olaf,
Relator term autor
700 1# - ADDED ENTRY--PERSONAL NAME
Personal name Gratacòs i Grau, Mariona,
Relator term traductor
700 1# - ADDED ENTRY--PERSONAL NAME
Personal name Tena Ripollès, Meritxell,
Relator term traductor
765 1# - ORIGINAL LANGUAGE ENTRY
Title Bauhaus
Place, publisher, and date of publication Colonia, Alemania : Könemann Verlagsgesellschaft mbH, ©1999
942 ## - ADDED ENTRY ELEMENTS (KOHA)
Source of classification or shelving scheme Dewey Decimal Classification
Koha item type Libro
Classification part 720.9430904
Item part B3318
Existencias
Withdrawn status Lost status Source of classification or shelving scheme Damaged status Not for loan Collection code Home library Current library Shelving location Date acquired Source of acquisition Cost, normal purchase price Total Checkouts Full call number Barcode Date last seen Cost, replacement price Price effective from Koha item type
    Dewey Decimal Classification     General Biblioteca Karol Wojtyla Biblioteca Karol Wojtyla Sala general 03/12/2013 Donación 0.00   720.9430904 B3318 2000 49500 05/01/2026 0.00 03/12/2013 Libro